| 000 | 00535nam a2200193Ia 4500 | ||
|---|---|---|---|
| 999 |
_c8165 _d8165 |
||
| 003 | OSt | ||
| 005 | 20210712100804.0 | ||
| 008 | 151021s9999 xx 000 0 und d | ||
| 020 | _a085198987x | ||
| 040 |
_aMMU _beng _cMMU _dMMU |
||
| 050 | _aSB 170 .T7 1996 | ||
| 245 |
_aTree-crop interactions A physiological Approach/ _cChin K Ong |
||
| 260 |
_aUK: _b CAB International, _c1996. |
||
| 300 |
_axv, 386 p. : _bill. ; |
||
| 500 | _aIncludes index | ||
| 650 | _aTree crops | ||
| 700 | _aPeter Huxley | ||
| 942 |
_2lcc _cLOAN LOAN |
||